| 000 | 00437nam a22001697a 4500 | ||
|---|---|---|---|
| 003 | OSt | ||
| 008 | 260506b |||||||| |||| 00| 0 eng d | ||
| 082 |
_a633.15 _bS48S |
||
| 100 | _aSinha, Dharmesh Kumar | ||
| 245 | _aStudies on Intercropping in Kharif Maize of Different Maturity Group | ||
| 260 |
_aPusa, Samastipur _bRAU _c1991 |
||
| 300 | _a94P. | ||
| 502 |
_bMsc. _d1991 |
||
| 650 | _aAgronomy | ||
| 650 | _aMsc. | ||
| 942 |
_2ddc _cT |
||
| 999 |
_c50454 _d50454 |
||